Guess the Movie from the Cast #5 - Statistics

General Stats
  • This quiz has been taken 212 times
  • The average score is 6 of 10
Answer Stats
Hint Answer % Correct
Christian Bale / Michael Caine / Heath Ledger / Gary Oldman The Dark Knight
96%
John Travolta / Samuel L. Jackson / Uma Thurman / Harvey Keitel Pulp Fiction
87%
Natalie Portman / Vincent Cassel / Mila Kunis / Barbara Hershey Black Swan
72%
Joaquin Phoenix / Amy Adams / Scarlett Johansson / Rooney Mara Her
60%
Ben Kingsley / Rohini Hattangadi / Roshan Seth / Candice Bergen Gandhi
59%
Jack Nicholson / Louise Fletcher / Will Sampson / William Redfield One Flew Over the Cuckoo's Nest
56%
Bruce Willis / Billy Bob Thornton / Liv Tyler / Ben Affleck Armageddon
50%
Will Ferrell / Christina Applegate / Paul Rudd / Steve Carell Anchorman: The Legend of Ron Burgundy
49%
Chiwetel Ejiofor / Michael Fassbender / Benedict Cumberbatch / Paul Dano 12 Years a Slave
36%
James Stewart / Kim Novak / Tom Helmore / Barbara Bel Geddes Vertigo
26%
No matching quizzes found
Score Distribution
Percent of People with Each Score
Percentile by Number Answered
Your Score History
You have not taken this quiz